| 000 | 00909cam a22002777a 4500 | ||
|---|---|---|---|
| 001 | 13290482 | ||
| 005 | 20171221091528.0 | ||
| 008 | 030725s2003 vaua b 000 0 eng d | ||
| 010 | _a 2003273035 | ||
| 020 | _a0873535375 | ||
| 035 | _a(OCoLC)ocm52162906 | ||
| 040 |
_aGZI _cGZI _dDLC |
||
| 041 | _aeng | ||
| 042 | _alccopycat | ||
| 043 | _an-us--- | ||
| 080 | _a510.71073 KIL | ||
| 082 | 0 | 0 |
_a510.71073 KIL _222 |
| 100 | _a46 | ||
| 101 | _aEDU | ||
| 245 | 0 | 2 |
_aA research companion to Principles and standards for school mathematics / _cedited by Jeremy Kilpatrick, W. Gary Martin, Deborah Schifter. |
| 504 | _aIncludes bibliographical references. | ||
| 740 | 0 | _aPrinciples and standards for school mathematics. | |
| 906 |
_a7 _bcbc _ccopycat _d2 _encip _f20 _gy-gencatlg |
||
| 942 |
_2ddc _cBK |
||
| 999 |
_c39295 _d39295 |
||